Copey eines Brieffs/ geschrieben von dem König aus Persia/ im Monat Julio dis 85. Jars/ an den König Philippum in Hispania/ etc. Aus Armenischer in Welsche vnd ferner in Deutsche sprache gebracht
Vinety, iniciálka s ornamentálnym pozadím vo voľnom priestore na 5 r., kustódy
| Other Authors: | |
|---|---|
| Format: | Book |
| Language: | German Armenian Italian |
| PhysicalDescription: | a4 [=4] l. 4° |
| Published: |
[B. m.]
[b. t.]
anno M.D.LXXXV.[=1585]
|
| Subjects: |
MARC
| LEADER | 00000nam a2200000 a 4500 | ||
|---|---|---|---|
| 001 | vtls011701428 | ||
| 003 | SK-MaSNL | ||
| 005 | 20260301181949.0 | ||
| 008 | 200330t1585 xx 000 0 ger | ||
| 015 | |a SNBHFA1585 | ||
| 035 | |a 45D705AD-4430-49F5-8072-D47A4B5C858E | ||
| 035 | |a urn:nbn:sk:snk-am3h4sq | ||
| 035 | |a urn:nbn:sk:snk-am00cn9d | ||
| 040 | |a SNKHF |b slo |c SNK |e AACR2 | ||
| 041 | 1 | |a ger |h arm |h ita | |
| 044 | |a xx | ||
| 130 | 0 | |a Copey |9 555195 | |
| 245 | 1 | 0 | |a Copey eines Brieffs/ geschrieben von dem König aus Persia/ im Monat Julio dis 85. Jars/ an den König Philippum in Hispania/ etc. Aus Armenischer in Welsche vnd ferner in Deutsche sprache gebracht |
| 260 | |a [B. m.] |b [b. t.] |c anno M.D.LXXXV.[=1585] | ||
| 300 | |a a4 [=4] l. |c 4° | ||
| 501 | |a Príväzok 13. k: SPANGENBERG, Cyriacus. Quernfurtische Chronica. Gedruckt zu Erffurdt : durch Georgium Bawman, 1590. 4°. |5 SNK ID 99753 | ||
| 510 | 4 | |a VD 16 !!!!!!! | |
| 520 | |a Vinety, iniciálka s ornamentálnym pozadím vo voľnom priestore na 5 r., kustódy | ||
| 650 | 0 | 7 | |a korešpondencia |2 SNKPH |9 645 |
| 700 | 0 | |a Machomet?? |9 555196 | |
| 852 | |a SNK |b Zaiova knižnica: Zay M 1427/1014, prív. 13 |p ID 99753, prív.13 | ||
| 958 | |a ONDV | ||
| 999 | |c 851939 |d 853869 | ||
| 952 | |t Zay M 1427/1014 |a SNK |b SNK |c SNK_HF |y PREZ |7 0 |p 17A1130614 |o snkID 99753/prív.13 |i snk2017/15407 |8 5 |0 0 |1 0 |4 0 |d 2017-07-10 |f 1 |l 0 |r 2026-02-24 04:44:53 |w 2026-02-24 | ||


